<?xml version="1.0" encoding="UTF-8"?>
<record
    xmlns:xsi="http://www.w3.org/2001/XMLSchema-instance"
    xsi:schemaLocation="http://www.loc.gov/MARC21/slim http://www.loc.gov/standards/marcxml/schema/MARC21slim.xsd"
    xmlns="http://www.loc.gov/MARC21/slim">

  <leader>00907na  a2200253   4500</leader>
  <controlfield tag="001">19113</controlfield>
  <controlfield tag="003">MIRAKIL</controlfield>
  <controlfield tag="005">20181213155054.0</controlfield>
  <controlfield tag="008">161208b        tu            000 0      </controlfield>
  <datafield tag="020" ind1=" " ind2=" ">
    <subfield code="a">9789944040006</subfield>
  </datafield>
  <datafield tag="040" ind1=" " ind2=" ">
    <subfield code="a">Milas</subfield>
    <subfield code="b">tur</subfield>
    <subfield code="c">TR-AnCHP</subfield>
  </datafield>
  <datafield tag="041" ind1=" " ind2=" ">
    <subfield code="a">tur</subfield>
  </datafield>
  <datafield tag="082" ind1=" " ind2=" ">
    <subfield code="a">320.54</subfield>
    <subfield code="b">T35b [2010]</subfield>
  </datafield>
  <datafield tag="090" ind1=" " ind2=" ">
    <subfield code="a">320.54 T35b [2010]</subfield>
  </datafield>
  <datafield tag="100" ind1=" " ind2=" ">
    <subfield code="a">Temiz, Fazl&#x131;</subfield>
  </datafield>
  <datafield tag="245" ind1=" " ind2=" ">
    <subfield code="a">Birlik T&#xFC;rkiyem</subfield>
    <subfield code="b">T&#xFC;rkiyemci olmak bir ayr&#x131;cal&#x131;kt&#x131;r</subfield>
    <subfield code="c">Fazl&#x131; Temiz (T&#xFC;rk)</subfield>
  </datafield>
  <datafield tag="246" ind1=" " ind2=" ">
    <subfield code="a">T&#xFC;rkiyemci olmak bir ayr&#x131;cal&#x131;kt&#x131;r</subfield>
  </datafield>
  <datafield tag="246" ind1=" " ind2=" ">
    <subfield code="a">Birlik T&#xFC;rkiye'm</subfield>
  </datafield>
  <datafield tag="260" ind1=" " ind2=" ">
    <subfield code="a">Samsun</subfield>
    <subfield code="b">[yayl. y.]</subfield>
    <subfield code="c">[2010]</subfield>
  </datafield>
  <datafield tag="500" ind1=" " ind2=" ">
    <subfield code="a">&#x130;&#xE7; kapakta ad&#x131; : "Halk&#x131;n dilinden, herkesin anlayaca&#x11F;&#x131; dilden. Her y&#xF6;nden ve her yerden, daha g&#xFC;zel ve daha b&#xFC;y&#xFC;k T&#xFC;rkiye i&#xE7;in ... Zoru ba&#x15F;armak, sefalet T&#xFC;rkiye'sini yok etmek i&#xE7;in"</subfield>
  </datafield>
  <datafield tag="650" ind1=" " ind2=" ">
    <subfield code="a">Ulusal birlik</subfield>
    <subfield code="z">T&#xFC;rkiye</subfield>
  </datafield>
  <datafield tag="650" ind1=" " ind2=" ">
    <subfield code="a">Milliyet&#xE7;ilik</subfield>
    <subfield code="x">T&#xFC;rkl&#xFC;k</subfield>
  </datafield>
  <datafield tag="942" ind1=" " ind2=" ">
    <subfield code="2">dcc</subfield>
    <subfield code="c">BKS</subfield>
  </datafield>
  <datafield tag="952" ind1=" " ind2=" ">
    <subfield code="a">0001</subfield>
    <subfield code="b">0001</subfield>
    <subfield code="d">2016-12-08</subfield>
    <subfield code="e">2</subfield>
    <subfield code="l">0</subfield>
    <subfield code="o">320.54 T35b [2010]</subfield>
    <subfield code="p">011063</subfield>
    <subfield code="r">2016-12-08 00:00:00</subfield>
    <subfield code="v">0.00</subfield>
    <subfield code="w">2016-12-08</subfield>
    <subfield code="y">BKS</subfield>
  </datafield>
  <datafield tag="952" ind1=" " ind2=" ">
    <subfield code="a">0001</subfield>
    <subfield code="b">0001</subfield>
    <subfield code="d">2017-01-18</subfield>
    <subfield code="e">2</subfield>
    <subfield code="l">0</subfield>
    <subfield code="o">320.54 T35b [2010]</subfield>
    <subfield code="p">012515</subfield>
    <subfield code="r">2017-01-18 00:00:00</subfield>
    <subfield code="t">k.2</subfield>
    <subfield code="v">0.00</subfield>
    <subfield code="w">2017-01-18</subfield>
    <subfield code="y">BKS</subfield>
  </datafield>
  <datafield tag="999" ind1=" " ind2=" ">
    <subfield code="c">6039</subfield>
    <subfield code="d">6039</subfield>
  </datafield>
</record>
